[Event "Titled Tuesday intern op 3rd March"]
[Site "Chess.com INT"]
[Date "2020.03.03"]
[Round "1"]
[White "Darini, Pouria"]
[Black "Kelkar, Abhishek"]
[Result "1-0"]
[WhiteElo "2432"]
[BlackElo "2046"]
[PlyCount "83"]
[EventDate "2020.03.03"]
[EventType "swiss (blitz)"]
[EventRounds "10"]
[EventCountry "USA"]
[SourceTitle "EXT 2021"]
[Source "ChessBase"]
[SourceDate "2020.10.23"]
[SourceVersion "1"]
[SourceVersionDate "2020.10.23"]
[SourceQuality "1"]

1. e4 c5 2. Nf3 e6 3. b3 Nc6 4. Bb2 d6 5. c4 e5 6. Nc3 g6 7. h4 h5 8. Be2 Bg7 9. d3 Nge7 10. Ng5 Nd4 11. Nd5 f6 12. Nf3 Nxd5 13. cxd5 Bh6 14. Nxd4 Qa5+ 15. Kf1 cxd4 16. Bc1 Bxc1 17. Qxc1 Bd7 18. Qe1 Qa3 19. Qc1 Qa5 20. Qe1 Qa3 21. f4 exf4 22. Qd2 g5 23. Kf2 0-0-0 24. Rac1+ Kb8 25. Rc4 Bb5 26. Qb4 Qxb4 27. Rxb4 Bd7 28. hxg5 Rc8 29. Rxh5 Rxh5 30. Bxh5 Rc2+ 31. Kg1 fxg5 32. Rxd4 Rxa2 33. Rc4 g4 34. Rc1 g3 35. Bf3 Rb2 36. d4 Rxb3 37. e5 a5 38. e6 Be8 39. Re1 a4 40. Bd1 Rb4 41. Bc2 a3 42. Ra1 1-0

[Event "Titled Tuesday intern op 3rd March"]
[Site "Chess.com INT"]
[Date "2020.03.03"]
[Round "3"]
[White "Kelkar, Abhishek"]
[Black "Zhuravleva, Olga"]
[Result "1-0"]
[WhiteElo "2046"]
[BlackElo "2278"]
[PlyCount "47"]
[EventDate "2020.03.03"]
[EventType "swiss (blitz)"]
[EventRounds "10"]
[EventCountry "USA"]
[SourceTitle "EXT 2021"]
[Source "ChessBase"]
[SourceDate "2020.10.23"]
[SourceVersion "1"]
[SourceVersionDate "2020.10.23"]
[SourceQuality "1"]

1. d4 g6 2. Nf3 Bg7 3. Bg5 d6 4. e3 Nd7 5. c3 c6 6. Be2 Qa5 7. 0-0 b5 8. Nbd2 Bb7 9. a4 bxa4 10. Rxa4 Qc7 11. Nc4 Ngf6 12. Na5 0-0 13. Nd2 h6 14. Bh4 e5 15. Bg3 Nh5 16. Bxh5 gxh5 17. Qxh5 exd4 18. exd4 Ba6 19. Nac4 Bb5 20. Bxd6 Qd8 21. Bxf8 Bxa4 22. Bxg7 Kxg7 23. Nd6 Qe7 24. Nf5+ 1-0

[Event "Titled Tuesday intern op 3rd Oct"]
[Site "Chess.com INT"]
[Date "2017.10.03"]
[Round "1"]
[White "Savchenko, Boris"]
[Black "Kelkar, Abhishek"]
[Result "1-0"]
[WhiteElo "2585"]
[BlackElo "2046"]
[PlyCount "77"]
[EventDate "2017.10.03"]
[EventType "swiss (blitz)"]
[EventRounds "10"]
[EventCountry "USA"]
[SourceTitle "EXT 2021"]
[Source "ChessBase"]
[SourceDate "2020.10.23"]
[SourceVersion "1"]
[SourceVersionDate "2020.10.23"]
[SourceQuality "1"]

1. e4 c5 2. Nf3 e6 3. d4 cxd4 4. Nxd4 a6 5. c4 Nf6 6. Nc3 Bb4 7. Qd3 Qc7 8. Be2 Nc6 9. Nxc6 dxc6 10. a3 Bc5 11. b4 Be7 12. c5 a5 13. Rb1 axb4 14. axb4 0-0 15. 0-0 Rd8 16. Qc2 e5 17. Bc4 Rd4 18. Qb3 Nxe4 19. Bxf7+ Kh8 20. Nxe4 Rxe4 21. Be3 Bf5 22. Rbd1 Rf8 23. Bc4 Rh4 24. g3 Rh5 25. Be6 Rd8 26. Rxd8+ Qxd8 27. Rd1 Qf8 28. g4 Bxe6 29. Qxe6 Rh4 30. Rd7 h5 31. Rxe7 Rxg4+ 32. Kf1 Qf3 33. Re8+ Kh7 34. Qg8+ Kg6 35. Re6+ Kf5 36. Qf7+ Ke4 37. Rxe5+ Kxe5 38. Qxf3 Rf4 39. Bxf4+ 1-0

[Event "Titled Tuesday intern op 5th Sept"]
[Site "Chess.com INT"]
[Date "2017.09.05"]
[Round "2"]
[White "Hess, Robert L"]
[Black "Kelkar, Abhishek"]
[Result "0-1"]
[WhiteElo "2568"]
[BlackElo "2046"]
[PlyCount "52"]
[EventDate "2017.09.05"]
[EventType "swiss (blitz)"]
[EventRounds "10"]
[EventCountry "USA"]
[SourceTitle "EXT 2021"]
[Source "ChessBase"]
[SourceDate "2020.10.23"]
[SourceVersion "1"]
[SourceVersionDate "2020.10.23"]
[SourceQuality "1"]

1. e4 c5 2. Nf3 e6 3. c3 Nf6 4. e5 Nd5 5. d4 cxd4 6. cxd4 Nc6 7. a3 d6 8. Bd3 Be7 9. 0-0 0-0 10. Qe2 b6 11. h4 Bb7 12. h5 Rc8 13. Qe4 g6 14. Qg4 dxe5 15. hxg6 f5 16. gxh7+ Kh8 17. Qg6 e4 18. Bh6 Bf6 19. Ng5 Nf4 20. Nf7+ Rxf7 21. Qxf7 Nxd3 22. Qxb7 Rc7 23. Qa6 Nxd4 24. Nc3 Rxh7 25. Be3 Nf3+ 26. gxf3 Qg8+ 0-1

[Event "Titled Tuesday intern op 5th Sept"]
[Site "Chess.com INT"]
[Date "2017.09.05"]
[Round "1"]
[White "Tarlev, Konstantin"]
[Black "Kelkar, Abhishek"]
[Result "1-0"]
[WhiteElo "2559"]
[BlackElo "2046"]
[PlyCount "97"]
[EventDate "2017.09.05"]
[EventType "swiss (blitz)"]
[EventRounds "10"]
[EventCountry "USA"]
[SourceTitle "EXT 2021"]
[Source "ChessBase"]
[SourceDate "2020.10.23"]
[SourceVersion "1"]
[SourceVersionDate "2020.10.23"]
[SourceQuality "1"]

1. e4 c6 2. Nf3 d5 3. Nc3 dxe4 4. Nxe4 Nf6 5. Nxf6+ gxf6 6. g3 Rg8 7. Bg2 Bg4 8. 0-0 Nd7 9. Re1 Qc7 10. d4 h5 11. Bf4 Qb6 12. c3 h4 13. Qb3 hxg3 14. fxg3 0-0-0 15. Nd2 e6 16. Nc4 Qxb3 17. axb3 a6 18. Nd6+ Bxd6 19. Bxd6 f5 20. c4 Nb6 21. Bc5 Kc7 22. Kf2 Nc8 23. Ke3 Rh8 24. Rh1 Nd6 25. h3 Bh5 26. Bb4 Rhg8 27. Ba5+ b6 28. Be1 a5 29. c5 Nb5 30. cxb6+ Kb7 31. Rxa5 Nxd4 32. g4 Bg6 33. Bc3 Kxb6 34. b4 fxg4 35. Bxd4+ Rxd4 36. Kxd4 Rd8+ 37. Ke5 Rd2 38. Rg1 Rxb2 39. hxg4 Rxb4 40. Raa1 Rxg4 41. Bf3 Rh4 42. Rh1 Rc4 43. Rhc1 Rh4 44. Rxc6+ Kb5 45. Ra8 f6+ 46. Kxf6 Rf4+ 47. Kxg6 Rxf3 48. Rxe6 Rf8 49. Rxf8 1-0

[Event "Titled Tuesday intern op 1st Aug"]
[Site "Chess.com INT"]
[Date "2017.08.01"]
[Round "6"]
[White "Bauer, Thomas"]
[Black "Kelkar, Abhishek"]
[Result "0-1"]
[WhiteElo "2190"]
[BlackElo "2046"]
[PlyCount "88"]
[EventDate "2017.08.01"]
[EventType "swiss (blitz)"]
[EventRounds "10"]
[EventCountry "USA"]
[SourceTitle "EXT 2021"]
[Source "ChessBase"]
[SourceDate "2020.10.23"]
[SourceVersion "1"]
[SourceVersionDate "2020.10.23"]
[SourceQuality "1"]

1. e4 c5 2. Nf3 e6 3. b3 Nc6 4. Bb2 Nf6 5. e5 Nd5 6. c4 Nc7 7. g3 Be7 8. Bg2 0-0 9. 0-0 b5 10. d4 bxc4 11. bxc4 Rb8 12. Bc3 cxd4 13. Nxd4 Nxe5 14. Nxe6 fxe6 15. Bxe5 Bf6 16. Bxf6 Qxf6 17. Nd2 Ba6 18. Ne4 Qe7 19. Rc1 Rb2 20. Qa4 d5 21. cxd5 exd5 22. Qd4 Bxf1 23. Qxb2 Bxg2 24. Nc5 Bh3 25. Qd4 Qf7 26. Nd3 Re8 27. Nf4 Ne6 28. Qxd5 Nxf4 29. Qxf7+ Kxf7 30. gxf4 Re2 31. Ra1 Kf6 32. f3 Kf5 33. a4 Kxf4 34. a5 g5 35. a6 Kxf3 36. Ra3+ Kg4 37. Rg3+ Kh4 38. Rb3 h5 39. Rb7 g4 40. Rxa7 g3 41. hxg3+ Kxg3 42. Rg7+ Bg4 43. Kf1 Ra2 44. a7 Ra1# 0-1

[Event "Titled Tuesday intern op 1st Aug"]
[Site "Chess.com INT"]
[Date "2017.08.01"]
[Round "1"]
[White "Kelkar, Abhishek"]
[Black "Tang, Andrew"]
[Result "1-0"]
[WhiteElo "2046"]
[BlackElo "2475"]
[PlyCount "141"]
[EventDate "2017.08.01"]
[EventType "swiss (blitz)"]
[EventRounds "10"]
[EventCountry "USA"]
[SourceTitle "EXT 2021"]
[Source "ChessBase"]
[SourceDate "2020.10.23"]
[SourceVersion "1"]
[SourceVersionDate "2020.10.23"]
[SourceQuality "1"]

1. e4 e5 2. Nf3 Nc6 3. d4 exd4 4. Nxd4 Nf6 5. Nc3 Bb4 6. Nxc6 bxc6 7. Bd3 d5 8. exd5 cxd5 9. 0-0 0-0 10. Bg5 c6 11. Qf3 h6 12. Bxf6 Qxf6 13. Qxf6 gxf6 14. Ne2 Bd6 15. Rad1 Rb8 16. b3 c5 17. Nc3 Be6 18. Be2 Rfd8 19. Bf3 d4 20. Ne4 Be7 21. Rfe1 f5 22. Ng3 Bg5 23. Re5 Rbc8 24. Nxf5 Bf6 25. Nxh6+ Kg7 26. Rh5 Kg6 27. g4 Bg5 28. Be4+ Kf6 29. h4 Bf4 30. Bf5 Kg7 31. g5 Bxf5 32. Nxf5+ Kg6 33. Rh6+ Kxf5 34. Rf6+ Kg4 35. Rxf7 Rc7 36. Rf6 Rd6 37. Rf8 Rh7 38. Kg2 Rxh4 39. Rg1 Rh2+ 40. Kf1+ Kf3 41. Rg3+ Ke4 42. Rg4 d3 43. Rgxf4+ Ke5 44. R8f5+ Ke6 45. Rf6+ Ke5 46. R4f5+ Ke4 47. Rxd6 dxc2 48. Rxc5 Rh1+ 49. Kg2 c1Q 50. Rxc1 Rxc1 51. Ra6 Rc7 52. Kg3 Kf5 53. Ra5+ Kg6 54. Kg4 Rd7 55. Ra6+ Kg7 56. f4 Kf7 57. f5 Kg7 58. Kh5 Kh7 59. a4 Kg7 60. b4 Kh7 61. a5 Kg7 62. b5 Kg8 63. b6 Rh7+ 64. Kg4 axb6 65. axb6 Rh1 66. b7 Rb1 67. Ra8+ Kg7 68. b8Q Rg1+ 69. Kf4 Rf1+ 70. Ke4 Re1+ 71. Kd3 1-0

[Event "Titled Tuesday intern op 1st Aug"]
[Site "Chess.com INT"]
[Date "2017.08.01"]
[Round "3"]
[White "Mekhitarian, Krikor Sevag"]
[Black "Kelkar, Abhishek"]
[Result "0-1"]
[WhiteElo "2534"]
[BlackElo "2046"]
[PlyCount "138"]
[EventDate "2017.08.01"]
[EventType "swiss (blitz)"]
[EventRounds "10"]
[EventCountry "USA"]
[SourceTitle "EXT 2021"]
[Source "ChessBase"]
[SourceDate "2020.10.23"]
[SourceVersion "1"]
[SourceVersionDate "2020.10.23"]
[SourceQuality "1"]

1. e4 c5 2. Nf3 e6 3. d4 cxd4 4. Nxd4 a6 5. Nc3 Qc7 6. g3 Bb4 7. Nde2 Be7 8. Bg2 Nf6 9. 0-0 d6 10. a4 Nc6 11. h3 0-0 12. Be3 Rb8 13. Nd4 Bd7 14. Nb3 b5 15. a5 Rfc8 16. Bb6 Qb7 17. Qe2 Be8 18. Rfd1 Nd7 19. Be3 Nb4 20. e5 d5 21. f4 Nxc2 22. Qxc2 b4 23. Nd4 bxc3 24. bxc3 Qb2 25. Qxb2 Rxb2 26. Rd2 Rbb8 27. Rc2 Nc5 28. Bf1 Rc7 29. Bf2 Bd7 30. Be1 Bc8 31. Raa2 Rb1 32. Kf2 Ne4+ 33. Ke2 g5 34. Bg2 gxf4 35. gxf4 Nc5 36. Rcb2 Rxb2+ 37. Rxb2 Na4 38. Rb3 Bd7 39. Ke3 Bd8 40. Bf1 Bc8 41. Ra3 Nb2 42. Be2 Rc5 43. Rb3 Nc4+ 44. Bxc4 dxc4 45. Rb8 Kg7 46. h4 h5 47. f5 exf5 48. Bg3 Bxa5 49. Bf4 Bxc3 50. Nf3 a5 51. Bg5 Bxe5 52. Nxe5 Rxe5+ 53. Kd4 Re8 54. Bf4 a4 55. Ra8 Bd7 56. Ra7 Be6 57. Be5+ Kg6 58. Rxa4 Rd8+ 59. Kc3 Rd5 60. Bf4 Rd3+ 61. Kc2 Rd4 62. Bg3 f4 63. Bf2 Re4 64. Kc1 Kf5 65. Ra8 Kg4 66. Rg8+ Kf3 67. Bc5 Re2 68. Rg5 c3 69. Rxh5 Bb3 0-1